<?xml version="1.0" encoding="UTF-8"?>
<record
    xmlns:xsi="http://www.w3.org/2001/XMLSchema-instance"
    xsi:schemaLocation="http://www.loc.gov/MARC21/slim http://www.loc.gov/standards/marcxml/schema/MARC21slim.xsd"
    xmlns="http://www.loc.gov/MARC21/slim">

  <leader>00935nam a2200289   4500</leader>
  <controlfield tag="003">EG-GICUC</controlfield>
  <controlfield tag="005">20260415235828.0</controlfield>
  <controlfield tag="008">260415t1988    ua|||||fr|||| 00| 0 ara d</controlfield>
  <datafield tag="040" ind1=" " ind2=" ">
    <subfield code="a"> EG-GICUC</subfield>
    <subfield code="b">ara</subfield>
    <subfield code="c"> EG-GICUC</subfield>
    <subfield code="d"> EG-GICUC</subfield>
    <subfield code="e">rda</subfield>
  </datafield>
  <datafield tag="043" ind1=" " ind2=" ">
    <subfield code="a">f-ua---</subfield>
  </datafield>
  <datafield tag="082" ind1="0" ind2="4">
    <subfield code="2">21</subfield>
    <subfield code="a">343.7</subfield>
  </datafield>
  <datafield tag="092" ind1="0" ind2="4">
    <subfield code="2">21</subfield>
  </datafield>
  <datafield tag="099" ind1=" " ind2=" ">
    <subfield code="a">Law1 10 343.7 &#x639; &#x628; . &#x639;</subfield>
  </datafield>
  <datafield tag="100" ind1="0" ind2=" ">
    <subfield code="a">&#x639;&#x628;&#x62F;&#x627;&#x644;&#x631;&#x62D;&#x64A;&#x645; &#x635;&#x62F;&#x642;&#x64A;</subfield>
  </datafield>
  <datafield tag="245" ind1="1" ind2="0">
    <subfield code="a">&#x639;&#x644;&#x645; &#x627;&#x644;&#x639;&#x642;&#x627;&#x628; / </subfield>
    <subfield code="c">&#x639;&#x628;&#x62F;&#x627;&#x644;&#x631;&#x62D;&#x64A;&#x645; &#x635;&#x62F;&#x642;&#x64A;.</subfield>
  </datafield>
  <datafield tag="250" ind1=" " ind2=" ">
    <subfield code="a">&#x637;&#x628;&#x639;&#x629; &#x645;&#x632;&#x64A;&#x62F;&#x629; &#x648;&#x645;&#x646;&#x642;&#x62D;&#x629;</subfield>
  </datafield>
  <datafield tag="300" ind1=" " ind2=" ">
    <subfield code="a">268 &#x635;&#x641;&#x62D;&#x629;</subfield>
    <subfield code="c">24 &#x633;&#x645;</subfield>
  </datafield>
  <datafield tag="336" ind1=" " ind2=" ">
    <subfield code="2">rda content</subfield>
    <subfield code="a">text</subfield>
  </datafield>
  <datafield tag="337" ind1=" " ind2=" ">
    <subfield code="2">rda media</subfield>
    <subfield code="a">Computer</subfield>
  </datafield>
  <datafield tag="338" ind1=" " ind2=" ">
    <subfield code="2">rda carrier</subfield>
    <subfield code="a">Online Resource</subfield>
  </datafield>
  <datafield tag="500" ind1=" " ind2=" ">
    <subfield code="a">&#x627;&#x644;&#x639;&#x646;&#x648;&#x627;&#x646; &#x639;&#x644;&#x649; &#x627;&#x644;&#x63A;&#x644;&#x627;&#x641; : &#x639;&#x644;&#x645; &#x627;&#x644;&#x639;&#x642;&#x627;&#x628; : &#x62F;&#x627;&#x633;&#x629; &#x62A;&#x623;&#x635;&#x64A;&#x644;&#x64A;&#x629; &#x639;&#x644;&#x645;&#x64A;&#x629;</subfield>
  </datafield>
  <datafield tag="650" ind1="1" ind2="4">
    <subfield code="a">&#x639;&#x644;&#x645; &#x627;&#x644;&#x639;&#x642;&#x627;&#x628;</subfield>
    <subfield code="2">qrmak</subfield>
  </datafield>
  <datafield tag="651" ind1="1" ind2=" ">
    <subfield code="2">qrmak</subfield>
  </datafield>
  <datafield tag="856" ind1="4" ind2="0">
    <subfield code="u">https://fll.law.cu.edu.eg/fulltext/bks/B10-07537.pdf</subfield>
  </datafield>
  <datafield tag="905" ind1=" " ind2=" ">
    <subfield code="a">17</subfield>
  </datafield>
  <datafield tag="942" ind1=" " ind2=" ">
    <subfield code="2">ddc</subfield>
    <subfield code="n">0</subfield>
    <subfield code="c">BK</subfield>
    <subfield code="e">21</subfield>
  </datafield>
  <datafield tag="999" ind1=" " ind2=" ">
    <subfield code="c">71316</subfield>
    <subfield code="d">71316</subfield>
  </datafield>
  <datafield tag="952" ind1=" " ind2=" ">
    <subfield code="0">0</subfield>
    <subfield code="1">0</subfield>
    <subfield code="2">ddc</subfield>
    <subfield code="4">0</subfield>
    <subfield code="7">1</subfield>
    <subfield code="8">&#x627;&#x644;&#x642;&#x627;&#x646;&#x648;&#x646; &#x627;&#x644;&#x62C;&#x646;&#x627;&#x626;&#x64A;</subfield>
    <subfield code="a">CU</subfield>
    <subfield code="b">LAW1</subfield>
    <subfield code="d">2026-04-15</subfield>
    <subfield code="l">0</subfield>
    <subfield code="o">Law1 10 343.7 &#x639; &#x628; . &#x639; 1007537 C1</subfield>
    <subfield code="p">B10-07537</subfield>
    <subfield code="r">2026-04-15 23:30:44</subfield>
    <subfield code="w">2026-04-15</subfield>
    <subfield code="y">BK</subfield>
  </datafield>
  <datafield tag="952" ind1=" " ind2=" ">
    <subfield code="0">0</subfield>
    <subfield code="1">0</subfield>
    <subfield code="2">ddc</subfield>
    <subfield code="4">0</subfield>
    <subfield code="7">0</subfield>
    <subfield code="8">&#x627;&#x644;&#x642;&#x627;&#x646;&#x648;&#x646; &#x627;&#x644;&#x62C;&#x646;&#x627;&#x626;&#x64A;</subfield>
    <subfield code="a">CU</subfield>
    <subfield code="b">LAW1</subfield>
    <subfield code="d">2026-04-18</subfield>
    <subfield code="l">0</subfield>
    <subfield code="o">Law1 10 343.7 &#x639; &#x628; . &#x639; 1007536  C2</subfield>
    <subfield code="p">B10-07536</subfield>
    <subfield code="r">2026-04-18 22:41:09</subfield>
    <subfield code="w">2026-04-18</subfield>
    <subfield code="y">BK</subfield>
  </datafield>
</record>
